Psicoterapia de grupo y psicodrama : introducción a la teoría y la praxis /

Збережено в:
Бібліографічні деталі
Автор: Moreno, J.L (autor)
Формат: Книга
Мова:Іспанська
Опубліковано: México : Fondo de Cultura Económica, 1983, c1966
Теги: Додати тег
Немає тегів, Будьте першим, хто поставить тег для цього запису!

MARC

LEADER 00000nam^a2200000^a^4500
001 000578132
005 20250521000000.0
009 20260310132503.979
020 |a 968-16-0283-8 
037 |a Acervo ITESO - Biblioteca 
041 |a ESP 
091 |a FLG. 00330 
100 |a Moreno, J.L.  |e (autor) 
245 1 0 |a Psicoterapia de grupo y psicodrama :  |b introducción a la teoría y la praxis / 
264 4 |a México :  |b Fondo de Cultura Económica,  |c 1983, c1966 
300 |a 409 p. 
336 |a texto  |b txt  |2 rdacontenido 
337 |a sin mediación  |b n  |2 rdamedio 
338 |a volumen  |b nc  |2 rdasoporte 
649 |a XX 
910 |a Fondo Luis González de Alba 
920 |a Impresos - Libros 
930 |a Fondos Especiales 
905 |a 141 
901 |a 0500397391  |b IT2  |c ESP  |i D102221  |u 20250521 
902 |a https://opac.biblio.iteso.mx/vufind/Record/000578132